LEADER 01288nam a2200277 a 4500 001 000000153441 003 CaOOAMICUS 005 20160902125205.0 008 160902s2016 it rm 000 0 eng r 032 $aLibriCat 040 $aPUL$bita 100 1 $aMonchena,Thomas Marwa.$0(OLS)http://pul/name/97679 245 14$aThe interplay of moral and political philosophy in the thought of Ives R.Simon /$cThomas Marwa Monchena. 260 $aRomae :$b[s.n.],$c2016. 300 $a166 p.;$c24 cm 502 $aEstratto da Tesi di Dottorato in Filosofia--Pontificia Universitas Lateranensis, 2016. 504 $aBibliografia: p.[143]-164. 600 14$aSimon, Yves Renč Marie,$d1903-1961.$0(OLS)http://pul/subject/33533 650 4$aFilosofia politica$xCritica e interpretazione.$0(OLS)http://pul/subject/25216 710 2 $aPontificia Universitā Lateranense$bFacoltā di filosofia$kTesi.$0(OLS)http://pul/name/81773 850 $aPUL 852 $aPUL$W1$xDP1 Tesi Pon Univ. Lateranense$y41$m2016 A 10$j176691$qTesi$B179323$CPULBib$Z2$F179323 $82 941 1 $a16 996 $6245$aThe interplay of moral and political philosophy in the thought of Ives R.Simon$9(OLS)http://pul/title/192910 996 $6260$aRomae :$b[s.n.]$9(OLS)http://pul/publisher/48223 LEADER 00898nam a2200229 u 4500 001 000000059289 003 CaOOAMICUS 005 20070226120802.0 008 010626s1991 it u000 u ita u 035 $a10894142 040 $aPUL(R)$bita 100 1 $aEco, Umberto,$d1932-2016.$0(OLS)http://pul/name/11020 245 10$aDalla periferie dell'impero /$cUmberto Eco. 260 $aMilano :$bBompiani,$c1991. 300 $a343 p. ;$c19 cm 490 1 $aTascabili Bompiani.$aSaggi ;$v536 830 0$aTascabili Bompiani.$pSaggi ;$v536.$0(OLS)http://pul/title/58624 850 $aPUL 852 $aPUL$W1$xDP1 Altre Collocazioni$y17$mSenza collocazione$j12$nBK-PRI$b $qStampati$B77325$CPULBib$Z2$F77325 $H $81 941 1 $a8 996 $6245$aDalla periferie dell'impero$9(OLS)http://pul/title/79392 996 $6260$aMilano :$bBompiani$9(OLS)http://pul/publisher/48240